Matematika pre 2. ročník ZDŠ - experimentálnych [text pre učiteľov]

Podrobná bibliografia
Hlavní autori: Kabele, Jiří, 1906-1983 (Autor), Janků, Marie (Autor)
Ďalší autori: Repáš, Víťazoslav (Prekladateľ)
Médium: Kniha
Jazyk:slovenčina
čeština
Fyzický popis:226, [1] s. 4°
Vydavateľské údaje: Bratislava Slovenské pedagogické nakladateľstvo 1973
Predmet:

MARC

LEADER 00000nam a2200000 a 4500
001 vtls008313724
003 SK-MaSNL
005 20260301180014.0
008 251124s1973 xo a c 00 0 slo
015 |a SNBA1973/08-01885 
035 |a SK01SNK19730005941 
035 |a SKM000008404 
040 |a SNK  |b slo  |c SNK  |e AACR2 
041 1 |a slo  |h cze 
044 |a xo  |c SK 
080 |a 371.3:372.851  |2 1981 
080 |a 372.851  |2 1981 
100 1 |a Kabele, Jiří,  |d 1906-1983  |4 aut  |9 106737 
245 1 0 |a Matematika pre 2. ročník ZDŠ - experimentálnych [text pre učiteľov]  |c sprac. Jiři Kabele, Marie Jank" ; [z rovnomen. čes. orig. ] prel. Víťazoslav Repáš 
260 |a Bratislava  |b Slovenské pedagogické nakladateľstvo  |c 1973  |e Nitra  |f Nitrianske tlačiarne 
300 |a 226, [1] s.  |c 4° 
500 |a Ilustr. Tb. 
563 |a 3150 výtl. 
650 0 7 |a matematika  |x metodika vyučovania  |x školy zákl. (2. roč.)  |x texty pre učiteľov  |2 SNK  |9 550671 
655 7 |a príručky  |2 SNKPH  |9 74364 
700 1 |a Janků, Marie  |4 aut  |9 44570 
700 1 |a Repáš, Víťazoslav  |4 trl  |9 280131 
958 |a OND 
958 |a RM 
958 |a RK 
958 |a OP 
958 |a CZ 
999 |c 844779  |d 846709 
952 |a SNK  |b SNK  |y PREZ  |7 0  |p 17A0899225  |o snkSB 19768  |i snkKSP 5757/73  |0 0  |1 0  |4 0  |d 2016-02-11  |l 0  |r 2025-03-25 00:00:00  |w 2026-02-24 
952 |a SNK  |b SNK  |y VYP  |7 0  |o snkSB 19768 D1  |i snkKSP 5758/73  |0 0  |1 0  |4 0  |d 2016-02-11  |l 0  |r 2026-02-24 04:23:20  |w 2026-02-24